000 01028cam a2200289 a 4500
999 _c26062
_d26062
001 15878820
003 OSt
005 20170201165915.0
008 090824s2011 maua 001 0 eng
010 _a 2009034250
020 _a1256092827 (alk. paper)
020 _a9781256092827 (alk. paper)
020 _a0321646355 (alk. paper)
020 _a9780321646354 (alk. paper)
035 _a(OCoLC)ocn433550143
040 _aDLC
_cDLC
_dYDX
_dYDXCP
_dDLC
050 0 0 _aQA39.3
_b.B59 2011
082 0 0 _a510
_222
100 1 _aBlitzer, Robert.
245 1 0 _aThinking mathematically /
_cRobert Blitzer.
260 _aBoston :
_bPrentice Hall,
_cc2011.
300 _axvii, 866, [71] p. :
_bill. (some col.) ;
_c29 cm.
500 _aIncludes indexes.
650 0 _aMathematics
_vTextbooks.
906 _a7
_bcbc
_corignew
_d1
_eecip
_f20
_gy-gencatlg
942 _2lcc
_cBOOKS
_hQA 39.3 .B55 2011